Statistics for Post Malone most streamed songs

Click here to take the quiz!

General Stats

  • This quiz has been taken 91 times
  • The average score is 23 of 40

Answer Stats

#song% Correct
1Rockstar
98%
6Better Now
93%
2Sunflower
91%
10Circles
88%
3Congratulations
88%
4Psycho
82%
8I fall Apart
79%
7Wow
75%
5White Iverson
71%
11Goodbyes
68%
25Hollywoods bleeding
66%
18Take what you want
66%
15Stay
64%
21Saint-tropez
61%
33Die for me
55%
28Enemies
55%
27Feeling Whitney
55%
16Paranoid
55%
40Feel
54%
9Go Flex
54%
12Candy Paint
52%
26Same Bitches
52%
19Rich & Sad
50%
17Deja Vu
48%
22Spoil my night
48%
23Over now
46%
2492 Explorer
45%
32Otherside
43%
30Takin' shots
43%
29Zack and Codeine
43%
14Ball for me
41%
34Big Lie
41%
20No option
41%
37Sugar Wraith
41%
13Too Young
41%
38On the road
39%
31Patient
38%
39Leave
36%
36Blame it on me
34%
35Money made me do it
30%

Score Distribution

Percentile by Number Answered

Percent of People with Each Score

Your Score History

You have not taken this quiz